|
|
|
|
| LEADER |
00000nab a2200000 a 4500 |
| 001 |
vtls000865006 |
| 003 |
SK-MaSNL |
| 005 |
20260302161004.0 |
| 008 |
161006c xo 0 slo |
| 015 |
|
|
|a SNBRB2004/03-07351
|
| 035 |
|
|
|a CLN000216558
|
| 040 |
|
|
|a SNKBUCL
|b slo
|c SNKBUCL
|e AACR2
|
| 041 |
0 |
|
|a slo
|
| 044 |
|
|
|a xo
|c SK
|
| 080 |
|
|
|a 636.98:597
|2 1997
|
| 080 |
|
|
|a 639.34
|2 1997
|
| 100 |
1 |
|
|a Janík, Mário
|4 aut
|9 367735
|
| 245 |
1 |
0 |
|a Neolamprologus leleupi longior Staeck, 1980
|c Mário Janík
|
| 300 |
|
|
|b Obr.
|
| 504 |
|
|
|a Bibliogr. odkazy
|
| 650 |
0 |
7 |
|a Neolamprologus leleupi longior
|x chov
|2 snkbucl
|9 858067
|
| 655 |
|
7 |
|a články z novín a časopisov
|2 snkbucl
|9 267496
|
| 773 |
0 |
|
|x 1335-8308
|t Aquatera
|g Roč. 9, č. 4 [2003], s. 13-15
|
| 850 |
|
|
|a Slovenská národná knižnica v Martine
|
| 852 |
|
|
|a SNK
|b KIS3GCP
|
| 958 |
|
|
|a NB
|
| 958 |
|
|
|a RBX
|
| 999 |
|
|
|c 1376113
|d 1378043
|